Normal view
MARC view
Entry Topical Term
001 - CONTROL NUMBER
- control field: 254621
003 - CONTROL NUMBER IDENTIFIER
- control field: OSt
005 - DATE AND TIME OF LATEST TRANSACTION
- control field: 20260213095405.0
008 - FIXED-LENGTH DATA ELEMENTS
- fixed length control field: 260213|| aca||aabn | a|a d
040 ## - CATALOGING SOURCE
- Original cataloging agency: OSt
- Transcribing agency: OSt
150 ## - HEADING--TOPICAL TERM
- Topical term or geographic name entry element: solu
670 ## - SOURCE DATA FOUND
- Source citation: Work cat.: (OSt)141982: SHRINIVASAMURTI (M R) ಶ್ರೀನಿವಾಸಮೂರ್ತಿ (ಎಂ ಅರ್) 254620, Kaviya solu, 1933